[Event "TopJP2GB,Sautron-St-Mandé"]
[Site "?"]
[Date "2009.12.19"]
[Round "4"]
[White "Machiels, Etienne"]
[Black "Hazan, Raphael"]
[Result "1-0"]
[WhiteElo "1430"]
[BlackElo "1120"]
[PlyCount "89"]
[EventDate "2009.12.20"]
[SourceDate "2009.12.22"]

1. e4 c5 2. Nf3 d6 3. d4 cxd4 4. Nxd4 e6 5. c4 b6 6. Nc3 Bd7 7. Be3 Be7 8. Be2
Nf6 9. O-O O-O 10. Bf3 Nc6 11. e5 dxe5 12. Bxc6 exd4 13. Bxa8 dxc3 14. Bf3 cxb2
15. Rb1 Ba3 16. Qb3 Qe7 17. c5 Bxc5 18. Bxc5 bxc5 19. Qxb2 Qd6 20. Qb7 e5 21.
g3 Bf5 22. Rbd1 Qb6 23. Qxb6 axb6 24. Rd6 g5 25. Rxf6 Bc2 26. Rc1 Ba4 27. Bc6
Kg7 28. Rd6 b5 29. Rxc5 Rc8 30. Rdd5 Rf8 31. Bxb5 Bxb5 32. Rxb5 f6 33. a4 Rc8
34. a5 f5 35. a6 f4 36. gxf4 gxf4 37. a7 f3 38. h3 Rc1+ 39. Kh2 Rc2 40. a8=Q
Rxf2+ 41. Kg3 Rf1 42. Qb7+ Kf6 43. Rd6+ Kf5 44. Rxe5+ Kxe5 45. Qd5# 1-0

[Event "TopJP2GB,Sautron-St-Mandé"]
[Site "?"]
[Date "2009.12.19"]
[Round "4"]
[White "Hazan, Raphael"]
[Black "Trouvé, Guillaume"]
[Result "0-1"]
[WhiteElo "1120"]
[BlackElo "1724"]
[PlyCount "108"]
[EventDate "2009.12.20"]
[SourceDate "2009.12.22"]

1. d4 d5 2. Nf3 Nf6 3. Bg5 Nbd7 4. Nbd2 e6 5. Ne5 Be7 6. Bxf6 Nxf6 7. e3 c6 8.
Bd3 Qb6 9. Rb1 O-O 10. O-O c5 11. c3 Bd6 12. Nef3 Qc7 13. Qc2 h6 14. e4 Ng4 15.
e5 Nxe5 16. dxe5 Bxe5 17. Nxe5 Qxe5 18. Nf3 Qc7 19. Rbe1 c4 20. Bh7+ Kh8 21.
Re2 g6 22. h4 Kxh7 23. h5 Bd7 24. Ne5 Be8 25. Rfe1 b5 26. Re3 Kg7 27. Rg3 g5
28. f4 Qd8 29. fxg5 hxg5 30. Rh3 Rh8 31. g4 a5 32. Re2 Qf6 33. Reh2 Qxe5 34.
h6+ Kg8 35. h7+ Kf8 36. Qd2 Qf4 37. Qxf4 gxf4 38. Rf2 e5 39. g5 Kg7 40. Rfh2
Kg6 41. Rh6+ Kxg5 42. R2h5+ Kg4 43. Rh4+ Kf3 44. Rh3+ Ke4 45. Rf6 b4 46. Kf1
bxc3 47. Ke2 cxb2 48. Rh1 Rb8 49. Rb1 c3 50. Ra6 c2 51. Rg1 c1=Q 52. Rg8 Rxh7
53. Rxa5 Rh2+ 54. Rg2 Rxg2# 0-1

[Event "TopJP2GB,Sautron-St-Mandé"]
[Site "?"]
[Date "2009.12.19"]
[Round "4"]
[White "Lachkar, Dan"]
[Black "Machiels, Etienne"]
[Result "0-1"]
[WhiteElo "1260"]
[BlackElo "1430"]
[PlyCount "92"]
[EventDate "2009.12.20"]
[SourceDate "2009.12.22"]

1. d4 d5 2. Nf3 Nf6 3. Bf4 c5 4. dxc5 Qa5+ 5. Nc3 Qxc5 6. e3 Nc6 7. Bb5 Bg4 8.
O-O e6 9. h3 Bh5 10. Bg5 Be7 11. Bf4 O-O 12. a3 Bd6 13. Bxd6 Qxd6 14. Re1 Rfe8
15. e4 Rad8 16. e5 Bxf3 17. Qxf3 Qc5 18. exf6 d4 19. Qg4 g6 20. Qh4 h5 21. Qf4
Kh7 22. Bxc6 Qxc6 23. Ne4 Rh8 24. Rac1 Rd5 25. Red1 Rf5 26. Qh4 Qd5 27. c4 Qe5
28. Re1 Qa5 29. f4 Qb6 30. b4 e5 31. fxe5 Kh6 32. g4 Rxe5 33. Qg3 Rhe8 34. Qf4+
g5 35. Qd2 Rxe4 36. gxh5 Rxe1+ 37. Rxe1 Rxe1+ 38. Qxe1 Kxh5 39. Qe2+ Kg6 40.
Qf3 Qxf6 41. Qxb7 Qb6 42. Qe4+ f5 43. Qe8+ Kf6 44. Qf8+ Ke5 45. Qe7+ Kf4 46. c5
Qb5 0-1

[Event "TopJP2GB,Guingamp-Mulhouse"]
[Site "?"]
[Date "2009.12.19"]
[Round "4"]
[White "Peyre, Thomas"]
[Black "Netzer, Jacques"]
[Result "0-1"]
[WhiteElo "2015"]
[BlackElo "2174"]
[PlyCount "68"]
[EventDate "2009.12.20"]
[SourceDate "2009.12.22"]

1. e4 c5 2. Nc3 Nc6 3. Nge2 e5 4. Nd5 Nge7 5. Nec3 Nxd5 6. Nxd5 Ne7 7. Bc4 d6
8. d3 Nxd5 9. Bxd5 Be7 10. O-O O-O 11. Qh5 g6 12. Qe2 Bg5 13. f4 exf4 14. Bxf4
Bxf4 15. Rxf4 Be6 16. Bxe6 fxe6 17. Rxf8+ Qxf8 18. Rf1 Qe7 19. Qf3 Rf8 20.
Qxf8+ Qxf8 21. Rxf8+ Kxf8 22. Kf2 Kf7 23. Ke3 Kf6 24. c3 Kg5 25. Kf3 Kh4 26. d4
cxd4 27. cxd4 g5 28. h3 h5 29. e5 d5 30. a4 a5 31. Kf2 g4 32. hxg4 Kxg4 33. Kf1
Kg3 34. Kg1 Kf4 0-1

[Event "TopJP2GB,Guingamp-Mulhouse"]
[Site "?"]
[Date "2009.12.19"]
[Round "4"]
[White "Muheim, Sébastien"]
[Black "Deslias, Grégoire"]
[Result "0-1"]
[WhiteElo "2040"]
[BlackElo "1865"]
[PlyCount "86"]
[EventDate "2009.12.20"]
[SourceDate "2009.12.22"]

1. d4 Nf6 2. c4 e6 3. Nc3 Bb4 4. a3 Bxc3+ 5. bxc3 b6 6. f3 Ba6 7. e4 Nc6 8. Bd3
Na5 9. Qe2 Qc8 10. e5 Ng8 11. Be3 Ne7 12. f4 Qb7 13. Nf3 Qc6 14. Nd2 d5 15. O-O
Nxc4 16. Nf3 Qa4 17. Bf2 Bb5 18. Rfb1 Nc6 19. Ng5 g6 20. Bh4 a6 21. Nh3 Kd7 22.
Be1 Nxa3 23. Nf2 Bxd3 24. Qxd3 a5 25. Bd2 Na7 26. Bc1 N7b5 27. Rb2 Qc4 28. Qxc4
dxc4 29. Nd1 c6 30. Rd2 Nxc3 31. Nxc3 Nb5 32. Nxb5 cxb5 33. d5 Rhd8 34. Rd4
exd5 35. Rxd5+ Kc6 36. Rd2 Rxd2 37. Bxd2 Rd8 38. Be1 b4 39. Kf2 c3 40. Ke2 Kb5
41. Bf2 Rd2+ 42. Ke1 b3 43. Rb1 a4 0-1

[Event "TopJP2GB,Guingamp-Mulhouse"]
[Site "?"]
[Date "2009.12.19"]
[Round "4"]
[White "Purenne, Benoit"]
[Black "Viennot, Dylan"]
[Result "0-1"]
[WhiteElo "1911"]
[BlackElo "1939"]
[PlyCount "70"]
[EventDate "2009.12.20"]
[SourceDate "2009.12.22"]

1. d4 Nf6 2. c4 g6 3. Nc3 Bg7 4. e4 d6 5. Be2 O-O 6. Bg5 Nbd7 7. Qd2 c6 8. f3
a6 9. Nh3 b5 10. cxb5 axb5 11. Nf2 b4 12. Ncd1 c5 13. O-O Qb6 14. d5 Ba6 15.
Ne3 Qc7 16. Rfc1 Bxe2 17. Qxe2 Ra7 18. Nd3 Qb7 19. Nc4 Rfa8 20. a3 Nb6 21. Nxb6
Qxb6 22. Rab1 bxa3 23. bxa3 Qd8 24. Rb3 Rxa3 25. Rxa3 Rxa3 26. Rb1 Nd7 27. Qd1
h6 28. Bh4 g5 29. Bf2 Qa8 30. h4 Qa6 31. Nc1 Ra1 32. Rxa1 Qxa1 33. Kh2 Be5+ 34.
Kh3 Bf4 35. g3 Qxc1 0-1

[Event "TopJP2GB,Guingamp-Mulhouse"]
[Site "?"]
[Date "2009.12.19"]
[Round "4"]
[White "Messinger, Karl"]
[Black "Le Bastard, Ronan"]
[Result "1-0"]
[WhiteElo "1758"]
[BlackElo "1614"]
[PlyCount "67"]
[EventDate "2009.12.20"]
[SourceDate "2009.12.22"]

1. e4 c5 2. Nf3 Nc6 3. Bb5 d6 4. c3 Bd7 5. O-O a6 6. Ba4 b5 7. Bc2 g6 8. Qe2
Bg7 9. Rd1 Bg4 10. h3 Bxf3 11. Qxf3 Qb6 12. d3 Nf6 13. Nd2 O-O 14. Nf1 Rfd8 15.
Bg5 Ra7 16. Ne3 Ne5 17. Qe2 Nc6 18. Bxf6 Bxf6 19. Nd5 Qb7 20. Nxf6+ exf6 21. f4
Qb6 22. Qf2 Re7 23. Qh4 Re6 24. f5 Ree8 25. Qxf6 a5 26. fxg6 hxg6 27. Rf1 Rd7
28. Rf4 Re6 29. Qg5 Ne5 30. Rh4 Kf8 31. Rh8+ Kg7 32. Qh6+ Kf6 33. Rf1+ Ke7 34.
Qf8# 1-0

[Event "TopJP2GB,Guingamp-Mulhouse"]
[Site "?"]
[Date "2009.12.19"]
[Round "4"]
[White "Ginovart, Axel"]
[Black "Devoille, Hugo"]
[Result "1/2-1/2"]
[WhiteElo "1798"]
[BlackElo "1691"]
[PlyCount "101"]
[EventDate "2009.12.20"]
[SourceDate "2009.12.22"]

1. e4 c5 2. Nf3 e6 3. d4 cxd4 4. Nxd4 Nc6 5. Nb5 d6 6. Bf4 e5 7. Be3 a6 8. N5c3
Nf6 9. Bg5 Be7 10. Bxf6 Bxf6 11. Nd2 Be6 12. Nc4 Bxc4 13. Bxc4 b5 14. Qd5 Qc7
15. Bxb5 axb5 16. Nxb5 Qd7 17. Nxd6+ Kf8 18. O-O Rd8 19. Nxf7 Qxd5 20. exd5
Kxf7 21. dxc6 Rc8 22. a4 Rxc6 23. c3 Rb8 24. Rfb1 Rb3 25. a5 Ra6 26. Kf1 Bd8
27. Ke1 Rxa5 28. Rxa5 Bxa5 29. Kd2 Kf6 30. Kc2 Rb8 31. b4 Bb6 32. f3 Rd8 33. c4
Be3 34. c5 Ke6 35. Kc3 Rb8 36. Kc4 Rc8 37. Rd1 Bd4 38. f4 Rc7 39. fxe5 Bxe5 40.
h3 Rd7 41. Rxd7 Kxd7 42. Kd5 Bc3 43. b5 Ba5 44. b6 h6 45. c6+ Kc8 46. Kc5 Be1
47. c7 Kd7 48. Kb5 Bg3 49. Kc5 Bf2+ 50. Kb5 Bg3 51. Kc5 1/2-1/2

[Event "TopJP2GB,Guingamp-Mulhouse"]
[Site "?"]
[Date "2009.12.19"]
[Round "4"]
[White "Veys, Vincent"]
[Black "Le Bihan, Alison"]
[Result "1-0"]
[WhiteElo "1662"]
[BlackElo "1390"]
[PlyCount "71"]
[EventDate "2009.12.20"]
[SourceDate "2009.12.22"]

1. e4 c5 2. Nf3 e6 3. d4 cxd4 4. Nxd4 Bc5 5. Nc3 Bxd4 6. Qxd4 Nf6 7. e5 Nc6 8.
Qe3 Ng4 9. Qg3 O-O 10. Qxg4 Nxe5 11. Qg3 Ng6 12. Bd3 Qb6 13. O-O d5 14. h4 Re8
15. h5 Nf8 16. Bh6 g6 17. Qe5 f6 18. Qxf6 Qc7 19. hxg6 hxg6 20. Bxg6 Nh7 21.
Qh4 Qe7 22. Qg3 Rd8 23. Bxh7+ Kxh7 24. Bg5 Qb4 25. Bxd8 Qxb2 26. Qh4+ Kg6 27.
Qg5+ Kf7 28. Qf6+ Kg8 29. Qg6+ Kf8 30. Rab1 Qxc3 31. Rb3 Qg7 32. Rf3+ Kg8 33.
Qe8+ Kh7 34. Rh3+ Qh6 35. Qf7+ Kh8 36. Bf6# 1-0

[Event "TopJP2GB,Guingamp-Mulhouse"]
[Site "?"]
[Date "2009.12.19"]
[Round "4"]
[White "Le Graet, Gaetan"]
[Black "Casner, Theo"]
[Result "0-1"]
[WhiteElo "1190"]
[BlackElo "1380"]
[PlyCount "80"]
[EventDate "2009.12.20"]
[SourceDate "2009.12.22"]

1. e4 c5 2. Nf3 Nc6 3. Bb5 g6 4. Bxc6 bxc6 5. Nc3 Bg7 6. d4 cxd4 7. Nxd4 Ba6 8.
Qf3 Nf6 9. e5 Ng8 10. Nxc6 Qc7 11. Nd4 Qxe5+ 12. Nde2 Bxe2 13. Nxe2 Rc8 14. Bf4
Qa5+ 15. c3 Nf6 16. b4 Qd8 17. O-O O-O 18. Be5 e6 19. Bd6 Re8 20. Qb7 Qb6 21.
Qxb6 axb6 22. Be5 Ne4 23. Bxg7 Kxg7 24. Rac1 Rc7 25. c4 Rec8 26. f3 Nf6 27. c5
bxc5 28. bxc5 Rxc5 29. Rxc5 Rxc5 30. Rc1 Rxc1+ 31. Nxc1 Nd5 32. Nd3 Kf6 33. Nc5
d6 34. Nd7+ Ke7 35. a4 Kxd7 36. a5 Nc7 37. g4 h6 38. h4 f6 39. h5 gxh5 40. gxh5
Kc6 0-1

[Event "TopJP2GB,Guingamp-Mulhouse"]
[Site "?"]
[Date "2009.12.19"]
[Round "4"]
[White "Denizet, Briac"]
[Black "Berriat, Diane"]
[Result "1-0"]
[WhiteElo "1010"]
[BlackElo "1280"]
[PlyCount "71"]
[EventDate "2009.12.20"]
[SourceDate "2009.12.22"]

1. e4 c5 2. Nc3 Nc6 3. Bb5 g6 4. Bxc6 dxc6 5. d3 Bg7 6. Bf4 Nf6 7. e5 Nd5 8.
Nxd5 cxd5 9. d4 Qa5+ 10. Bd2 Qb5 11. dxc5 Qxc5 12. Nf3 Bg4 13. Be3 Qa5+ 14. Bd2
Qb6 15. h3 Bxf3 16. gxf3 Bxe5 17. f4 Bd4 18. Qg4 Qxb2 19. Rd1 O-O 20. f5 Qb6
21. fxg6 Bxf2+ 22. Kf1 fxg6 23. Bh6 Be3+ 24. Ke2 Rf2+ 25. Ke1 Qb4+ 26. Qxb4
Bxh6 27. Kxf2 Rf8+ 28. Ke1 Rf3 29. Qxb7 Re3+ 30. Kf2 Re6 31. Qc8+ Kg7 32. Qxe6
a6 33. Rxd5 Kh8 34. Qxe7 Kg8 35. Rd8+ Bf8 36. Qxf8# 1-0

[Event "TopJP2GB,Guingamp-Mulhouse"]
[Site "?"]
[Date "2009.12.19"]
[Round "4"]
[White "Casner, Theo"]
[Black "Denizet, Briac"]
[Result "1-0"]
[WhiteElo "1380"]
[BlackElo "1010"]
[PlyCount "49"]
[EventDate "2009.12.20"]
[SourceDate "2009.12.22"]

1. e4 e5 2. Nf3 Nc6 3. Bb5 Bb4 4. c3 Bc5 5. O-O Nf6 6. d4 exd4 7. cxd4 Bd6 8.
e5 Bb4 9. exf6 Qxf6 10. a3 Ba5 11. b4 Nxb4 12. axb4 Bxb4 13. Ra4 Qd6 14. Ba3
Bxa3 15. Rxa3 Qb4 16. Rb3 Qa5 17. Re1+ Kf8 18. Qe2 Qxe1+ 19. Qxe1 c6 20. Re3 g6
21. Re8+ Kg7 22. Qe5+ f6 23. Qe7+ Kh6 24. Rxh8 cxb5 25. Rxh7# 1-0

[Event "TopJP2GB,Guingamp-Mulhouse"]
[Site "?"]
[Date "2009.12.19"]
[Round "4"]
[White "Berriat, Diane"]
[Black "Le Graet, Gaetan"]
[Result "1-0"]
[WhiteElo "1280"]
[BlackElo "1190"]
[PlyCount "37"]
[EventDate "2009.12.20"]
[SourceDate "2009.12.22"]

1. e4 e5 2. Nf3 Nc6 3. Bc4 Bc5 4. Ng5 Qxg5 5. d3 Qxg2 6. Rf1 Qxh2 7. Nc3 Nd4 8.
Be3 Nc6 9. Nd5 Rb8 10. Bxc5 Nf6 11. Nxc7+ Kd8 12. Nd5 Nxd5 13. Bxd5 d6 14. Bxd6
Ra8 15. Qf3 Bh3 16. Bxc6 bxc6 17. Qxf7 Bxf1 18. Qe7+ Kc8 19. Qc7# 1-0

[Event "TopJP2GB,Bois-Colombes-Bischwiller"]
[Site "?"]
[Date "2009.12.19"]
[Round "4"]
[White "Rachid, Danial"]
[Black "Wurtz, Guillaume"]
[Result "1-0"]
[WhiteElo "1943"]
[BlackElo "1834"]
[PlyCount "61"]
[EventDate "2009.12.20"]
[SourceDate "2009.12.22"]

1. e4 c5 2. Nc3 Nc6 3. Bb5 g6 4. Bxc6 dxc6 5. d3 Bg7 6. Be3 b6 7. Qd2 h6 8. f4
Nf6 9. h3 Nd7 10. Nf3 O-O 11. g4 Kh7 12. O-O-O b5 13. e5 Qa5 14. Kb1 b4 15. Ne4
Rb8 16. Qf2 Rb5 17. Nfd2 Qc7 18. Bxc5 Nxc5 19. Nxc5 f6 20. f5 Qxe5 21. fxg6+
Kh8 22. d4 Qd5 23. Nf3 e5 24. Nb3 e4 25. Nh4 Be6 26. Rhf1 a5 27. Nf5 Bxf5 28.
gxf5 Rd8 29. Qe2 Bf8 30. Nc5 Re8 31. Qe3 1-0

[Event "TopJP2GB,Bois-Colombes-Bischwiller"]
[Site "?"]
[Date "2009.12.19"]
[Round "4"]
[White "Barbaras, Mathieu"]
[Black "Aflalo, Sophie"]
[Result "0-1"]
[WhiteElo "1834"]
[BlackElo "2036"]
[PlyCount "78"]
[EventDate "2009.12.20"]
[SourceDate "2009.12.23"]

1. e4 c5 2. Nf3 Nc6 3. Nc3 Nf6 4. d4 cxd4 5. Nxd4 e5 6. Ndb5 d6 7. Bg5 a6 8.
Na3 b5 9. Nd5 Be7 10. Bxf6 Bxf6 11. c3 Bg5 12. Nc2 O-O 13. a4 bxa4 14. Rxa4 a5
15. Bc4 Rb8 16. b3 Kh8 17. Nce3 Be6 18. h4 Bh6 19. Qc2 g6 20. g4 Bf4 21. g5
Bxe3 22. Nxe3 Ne7 23. Qd1 Bxc4 24. Nxc4 d5 25. Nxe5 Qc7 26. Qd4 Kg8 27. Ng4 f6
28. gxf6 Nc6 29. Qxd5+ Kh8 30. h5 g5 31. Rc4 Qf4 32. Ne3 Ne5 33. Rc5 Nf3+ 34.
Kf1 Rxb3 35. Kg2 Rb2 36. Qf5 Nh4+ 37. Rxh4 Rxf2+ 38. Kg1 Qg3+ 39. Kh1 Qxh4+ 0-1

[Event "TopJP2GB,Bois-Colombes-Bischwiller"]
[Site "?"]
[Date "2009.12.19"]
[Round "4"]
[White "Lam-Roques, Kalvin"]
[Black "Bellahcene, Rayam"]
[Result "0-1"]
[WhiteElo "1696"]
[BlackElo "1809"]
[PlyCount "58"]
[EventDate "2009.12.20"]
[SourceDate "2009.12.23"]

1. e4 c5 2. Nc3 Nc6 3. f4 e6 4. Nf3 d6 5. g3 g6 6. Bg2 Bg7 7. O-O Nge7 8. d3
O-O 9. h4 Rb8 10. a4 a6 11. h5 gxh5 12. Ng5 h6 13. Nh3 Nd4 14. Qxh5 f5 15. g4
Qe8 16. Qh4 Nxc2 17. Rb1 fxg4 18. Qxg4 Qg6 19. Qd1 Nd4 20. Kh2 Bd7 21. Rg1 Be8
22. Be3 Qh5 23. Qf1 Ng6 24. Qf2 Ne5 25. Qg3 Nef3+ 26. Bxf3 Nxf3+ 27. Kh1 Nxg1
28. Rxg1 Bg6 29. Qxg6 Qxh3# 0-1

[Event "TopJP2GB,Bois-Colombes-Bischwiller"]
[Site "?"]
[Date "2009.12.19"]
[Round "4"]
[White "Fischer, Julie"]
[Black "Zychowski, Antoine"]
[Result "1-0"]
[WhiteElo "1707"]
[BlackElo "1560"]
[PlyCount "111"]
[EventDate "2009.12.20"]
[SourceDate "2009.12.23"]

1. e4 e5 2. Nf3 Nc6 3. d4 exd4 4. Bc4 Be7 5. O-O d6 6. Nxd4 Nxd4 7. Qxd4 Bf6 8.
Qd5 Qe7 9. Bb5+ Kf8 10. Ba4 Qe6 11. Qd3 g6 12. Bb3 Qd7 13. Nc3 Ne7 14. Bh6+ Bg7
15. Qf3 Nc6 16. Bxg7+ Kxg7 17. Nd5 Rf8 18. Qf6+ Kg8 19. Ba4 Re8 20. Qf4 Kg7 21.
Nf6 Qe7 22. Nxe8+ Qxe8 23. Rfe1 Qe5 24. Qxe5+ Nxe5 25. f4 Nc4 26. Bb3 Na5 27.
Kf2 Be6 28. Bxe6 fxe6 29. Rad1 Nc4 30. b3 Na5 31. e5 d5 32. g4 Rf8 33. Ke3 c5
34. c4 dxc4 35. Rd7+ Rf7 36. Rxf7+ Kxf7 37. bxc4 Nxc4+ 38. Kd3 Nb2+ 39. Kc3
Na4+ 40. Kb3 Nb6 41. Rf1 Nd5 42. Rf3 b5 43. Rh3 c4+ 44. Kb2 c3+ 45. Kb3 Kg7 46.
Rf3 a5 47. f5 a4+ 48. Kc2 gxf5 49. gxf5 exf5 50. a3 Kf7 51. Rxf5+ Ke6 52. Rh5
h6 53. Rxh6+ Kxe5 54. Rh5+ Kd4 55. Rxd5+ Kxd5 56. Kxc3 1-0

[Event "TopJP2GB,Bois-Colombes-Bischwiller"]
[Site "?"]
[Date "2009.12.19"]
[Round "4"]
[White "Triboulin, Amaury"]
[Black "Bellahcene, Bilel"]
[Result "0-1"]
[WhiteElo "1599"]
[BlackElo "2010"]
[PlyCount "98"]
[EventDate "2009.12.20"]
[SourceDate "2009.12.23"]

1. e4 e6 2. d4 d5 3. Nc3 Bb4 4. Nge2 Nf6 5. e5 Ne4 6. Bd2 Nxd2 7. Qxd2 O-O 8.
Ng3 c5 9. Be2 cxd4 10. Qxd4 Nc6 11. Qf4 d4 12. Rd1 Qe7 13. a3 Ba5 14. b4 Bc7
15. Nce4 Bxe5 16. Qd2 f5 17. Nc5 Qf6 18. O-O Bd6 19. Nb3 e5 20. c3 Be6 21. Na5
Nxa5 22. bxa5 Bc5 23. Kh1 Rfd8 24. cxd4 Rxd4 25. Qc3 Rxd1 26. Rxd1 Bxf2 27. Qf3
Bxg3 28. Qxg3 Bf7 29. Rb1 Rc8 30. h3 b6 31. axb6 axb6 32. Qe3 Rc5 33. Qf3 Bd5
34. Qd3 h6 35. Qa6 Ra5 36. Qxb6 Qxb6 37. Rxb6 Rxa3 38. Bh5 Rxh3+ 39. Kg1 Rxh5
40. Rb5 Be4 41. Rxe5 Rg5 42. Kf1 Bxg2+ 43. Kf2 Be4 44. Ke3 Rg3+ 45. Kf2 Rf3+
46. Ke2 h5 47. Rb5 Bd3+ 48. Kxf3 Bxb5 49. Kf4 h4 0-1

[Event "TopJP2GB,Bois-Colombes-Bischwiller"]
[Site "?"]
[Date "2009.12.19"]
[Round "4"]
[White "Pluvinage, Jérôme"]
[Black "Zychowski, Adrien"]
[Result "1-0"]
[WhiteElo "1580"]
[BlackElo "1500"]
[PlyCount "69"]
[EventDate "2009.12.20"]
[SourceDate "2009.12.23"]

1. d4 d5 2. c4 c6 3. Nf3 Nf6 4. Bg5 dxc4 5. a4 Nbd7 6. Nc3 e6 7. Bd2 a6 8. e3
Nb6 9. Be2 a5 10. Qc2 c5 11. Nb5 Be7 12. Bxc4 O-O 13. dxc5 Bxc5 14. Bxe6 Bxe6
15. Qxc5 Rc8 16. Qd4 Bd5 17. Bxa5 Rc6 18. Ne5 Re6 19. Rd1 Rfe8 20. Bxb6 Qxb6
21. Qxb6 Rxb6 22. Nf3 Bb3 23. Ra1 Rc8 24. Nfd4 Bc4 25. Rc1 Be6 26. Rxc8+ Bxc8
27. O-O Bd7 28. Rc1 h6 29. h3 Ra6 30. b3 Nd5 31. Nc7 Nxc7 32. Rxc7 Bc6 33. Nxc6
Rxc6 34. Rxc6 bxc6 35. a5 1-0

[Event "TopJP2GB,Bois-Colombes-Bischwiller"]
[Site "?"]
[Date "2009.12.19"]
[Round "4"]
[White "Ariza, Thomas"]
[Black "Schlegel, Nicolas"]
[Result "1-0"]
[WhiteElo "1360"]
[BlackElo "1450"]
[PlyCount "100"]
[EventDate "2009.12.20"]
[SourceDate "2009.12.23"]

1. e4 e5 2. Nf3 Nc6 3. Nc3 Nf6 4. Bc4 Bc5 5. O-O d6 6. d3 Bg4 7. Be3 Bb6 8. Na4
O-O 9. Nxb6 axb6 10. Bg5 Nd4 11. Kh1 Nxf3 12. gxf3 Bh5 13. Rg1 Re8 14. c3 c5
15. Bb5 Re6 16. Bc4 Re8 17. Qe2 Ra5 18. Qe3 b5 19. Bb3 b4 20. f4 bxc3 21. bxc3
b5 22. f5 b4 23. c4 Qe7 24. Rg3 d5 25. cxd5 Qd6 26. Bxf6 Qxf6 27. Rag1 g6 28.
Qg5 Qxg5 29. Rxg5 Bf3+ 30. R1g2 Bxg2+ 31. Rxg2 Kf8 32. f6 Rd8 33. Rg3 Rd6 34.
Rf3 Raa6 35. Kg2 Rxf6 36. h3 h5 37. Re3 Rf4 38. f3 Ke7 39. Re1 Raf6 40. Re3 g5
41. Bd1 Kd7 42. Re1 Kc7 43. Be2 Kb6 44. Rb1 Ka5 45. Rc1 Kb6 46. Rb1 g4 47. Rf1
gxf3+ 48. Bxf3 Rg6+ 49. Kf2 Kb5 50. Ke2 c4 1-0

[Event "TopJP2GB,Bois-Colombes-Bischwiller"]
[Site "?"]
[Date "2009.12.19"]
[Round "4"]
[White "Bonnin, Rémi"]
[Black "Guerin, Juliette"]
[Result "0-1"]
[WhiteElo "1099"]
[BlackElo "1370"]
[PlyCount "112"]
[EventDate "2009.12.20"]
[SourceDate "2009.12.23"]

1. e4 e5 2. Nf3 Nc6 3. Bb5 Nf6 4. d3 d6 5. d4 Nxe4 6. dxe5 dxe5 7. Qxd8+ Kxd8
8. Bxc6 bxc6 9. Nxe5 Ke8 10. Nxc6 Bc5 11. O-O Bb7 12. Ne5 Rd8 13. Nd3 Bb6 14.
Bf4 Ba6 15. Ne5 Bxf1 16. Kxf1 Bxf2 17. Nc3 Nxc3 18. Kxf2 Ne4+ 19. Ke3 f5 20.
Nc6 Rd2 21. Rc1 Rxg2 22. Bxc7 Kd7 23. Nxa7 Kxc7 24. Kf4 Rf2+ 25. Ke3 Rxh2 26.
c4 Rxb2 27. c5 Ra8 28. Kf4 Rf2+ 29. Ke3 Rxa7 30. Kd4 Raxa2 31. c6 Rac2 32. Rxc2
Rxc2 33. Ke5 Rg2 34. Kxf5 Nf2 35. Kf4 Nd3+ 36. Kf3 Rg6 37. Ke4 h5 38. Kxd3 h4
39. Ke4 h3 40. Kf5 Rg1 41. Ke6 h2 42. Kf7 h1=Q 43. Ke7 Qe4+ 44. Kf7 Qf4+ 45.
Kg8 Qf8+ 46. Kxf8 g5 47. Kf7 g4 48. Ke6 g3 49. Kd5 g2 50. Ke4 Re1+ 51. Kd4
g1=Q+ 52. Kc4 Rd1 53. Kc3 Qc5+ 54. Kb3 Rb1+ 55. Ka2 Rb8 56. Ka1 Qa3# 0-1

[Event "TopJP2GB,Bois-Colombes-Bischwiller"]
[Site "?"]
[Date "2009.12.19"]
[Round "4"]
[White "Schlegel, Nicolas"]
[Black "Bonnin, Rémi"]
[Result "1-0"]
[WhiteElo "1450"]
[BlackElo "1099"]
[PlyCount "63"]
[EventDate "2009.12.20"]
[SourceDate "2009.12.23"]

1. e4 e5 2. Nf3 d6 3. d4 Nc6 4. Bb5 Bd7 5. Nc3 Be7 6. Bxc6 Bxc6 7. dxe5 dxe5 8.
Qxd8+ Rxd8 9. Nxe5 Bb4 10. Nxc6 bxc6 11. O-O Nf6 12. Re1 O-O 13. Bg5 Rd6 14. e5
Re6 15. exf6 Rfe8 16. Rxe6 Rxe6 17. Rd1 g6 18. Bh6 Re8 19. h3 Bxc3 20. bxc3 a6
21. g4 c5 22. Rd5 c4 23. Rc5 Re2 24. Rxc7 Re8 25. Rxc4 a5 26. Rd4 a4 27. c4 Rc8
28. c5 a3 29. c6 Re8 30. c7 Ra8 31. Rd8+ Rxd8 32. cxd8=Q# 1-0

[Event "TopJP2GB,Bois-Colombes-Bischwiller"]
[Site "?"]
[Date "2009.12.19"]
[Round "4"]
[White "Guerin, Juliette"]
[Black "Ariza, Thomas"]
[Result "0-1"]
[WhiteElo "1370"]
[BlackElo "1360"]
[PlyCount "82"]
[EventDate "2009.12.20"]
[SourceDate "2009.12.23"]

1. e4 e6 2. d4 d5 3. e5 c5 4. c3 Nc6 5. Nf3 Be7 6. Be2 Qc7 7. O-O f6 8. Bf4 Bd7
9. Qd3 f5 10. Na3 c4 11. Qd1 Bxa3 12. bxa3 Nge7 13. Ng5 O-O 14. Bh5 Qa5 15. Qf3
h6 16. Nh3 Kh7 17. Qg3 Rg8 18. Bf7 Rgf8 19. Ng5+ Kh8 20. Qh3 Nd8 21. Bh5 Ng8
22. Bg6 Ne7 23. Bh5 Ng8 24. Rab1 hxg5 25. Bg6+ Nh6 26. Bxg5 Ndf7 27. Bxh6 Nxh6
28. Rxb7 Rad8 29. f3 Qxc3 30. Kh1 Qd3 31. Rg1 c3 32. Rbb1 c2 33. Rbc1 Rb8 34.
Qh4 Ba4 35. g4 Qxf3+ 36. Rg2 Qd1+ 37. Rg1 Qxd4 38. Qh3 Qe4+ 39. Rg2 Rb1 40.
Rcg1 Rxg1+ 41. Kxg1 Qe1# 0-1

[Event "TopJP2GB,Bischwiller-Guingamp"]
[Site "?"]
[Date "2009.12.20"]
[Round "5"]
[White "Barbaras, Mathieu"]
[Black "Peyre, Thomas"]
[Result "1/2-1/2"]
[WhiteElo "1908"]
[BlackElo "2015"]
[PlyCount "87"]
[EventDate "2009.12.20"]
[SourceDate "2009.12.26"]

1. c4 e5 2. g3 Nf6 3. Bg2 d5 4. cxd5 Nxd5 5. Nf3 Nc6 6. O-O Be7 7. d4 exd4 8.
Nxd4 Nxd4 9. Qxd4 Nf6 10. Qa4+ Bd7 11. Qb3 Rb8 12. Nc3 O-O 13. Rd1 Qc8 14. Bf4
Bh3 15. Rac1 Bxg2 16. Kxg2 Nh5 17. Be5 Bf6 18. Nd5 Qg4 19. f3 Qg5 20. Nxf6+
gxf6 21. Bxc7 Rbc8 22. Rc4 f5 23. Be5 Rce8 24. h4 Qe7 25. f4 Rc8 26. Rdc1 Qd7
27. Rxc8 Rxc8 28. Rxc8+ Qxc8 29. Qc3 Qe8 30. Kf2 h6 31. b4 Qd7 32. Qd4 Qe7 33.
Qc5 Qxc5+ 34. bxc5 f6 35. Bb8 a6 36. Kf3 Ng7 37. Bd6 h5 38. Ke3 Kf7 39. Kd4 Ke6
40. Kc4 Ne8 41. Bb8 Ng7 42. Bc7 Ne8 43. Ba5 Ng7 44. Kd4 1/2-1/2

[Event "TopJP2GB,Bischwiller-Guingamp"]
[Site "?"]
[Date "2009.12.20"]
[Round "5"]
[White "Deslias, Grégoire"]
[Black "Wurtz, Guillaume"]
[Result "1/2-1/2"]
[WhiteElo "1865"]
[BlackElo "1834"]
[PlyCount "60"]
[EventDate "2009.12.20"]
[SourceDate "2009.12.26"]

1. d4 Nf6 2. c4 g6 3. Nc3 Bg7 4. e4 d6 5. Be2 O-O 6. Bg5 Na6 7. Qd2 e5 8. d5
Nc5 9. f3 a5 10. h4 h5 11. Nh3 Qd7 12. Nf2 Nh7 13. Bh6 f5 14. Bxg7 Qxg7 15.
O-O-O f4 16. Rdg1 Kh8 17. g4 Nf6 18. gxh5 Nxh5 19. Rg5 Rg8 20. Rhg1 Qf7 21. Bf1
Rg7 22. Bh3 Bxh3 23. Nxh3 Rd8 24. Nd1 a4 25. Qg2 Rdg8 26. Ndf2 Ng3 27. Nh1 Nh5
28. N1f2 Ng3 29. Nh1 Nh5 30. N1f2 Ng3 1/2-1/2

[Event "TopJP2GB,Bischwiller-Guingamp"]
[Site "?"]
[Date "2009.12.20"]
[Round "5"]
[White "Bellahcene, Rayane"]
[Black "Purenne, Benoit"]
[Result "0-1"]
[WhiteElo "1809"]
[BlackElo "1911"]
[PlyCount "72"]
[EventDate "2009.12.20"]
[SourceDate "2009.12.26"]

1. e4 c5 2. Nf3 e6 3. d4 cxd4 4. Nxd4 a6 5. Nc3 Qc7 6. g3 Bb4 7. Nde2 Be7 8.
Bg2 d6 9. Be3 Nf6 10. h3 Nbd7 11. O-O Rb8 12. a4 b6 13. f4 O-O 14. g4 Bb7 15.
g5 Ne8 16. Ng3 Rc8 17. Qg4 Qd8 18. f5 Ne5 19. Qh5 exf5 20. exf5 Bxg2 21. Kxg2
Qd7 22. Rf4 Qb7+ 23. Nge4 g6 24. Qh6 f6 25. Rh4 Rf7 26. Kf2 fxg5 27. Bxg5 Bxg5
28. Nxg5 Rxf5+ 29. Kg3 Nf6 30. Nce4 Nxe4+ 31. Nxe4 Rf3+ 32. Kg2 Rxc2+ 33. Kh1
Rxh3+ 34. Kg1 Rg3+ 35. Kf1 Qf7+ 36. Ke1 Rg1# 0-1

[Event "TopJP2GB,Bischwiller-Guingamp"]
[Site "?"]
[Date "2009.12.20"]
[Round "5"]
[White "Le Bastard, Ronan"]
[Black "Fischer, Julie"]
[Result "0-1"]
[WhiteElo "1614"]
[BlackElo "1707"]
[PlyCount "38"]
[EventDate "2009.12.20"]
[SourceDate "2009.12.26"]

1. e4 c5 2. Nf3 Nc6 3. d4 cxd4 4. Nxd4 e6 5. Nc3 Nf6 6. Bg5 Be7 7. Be2 Qa5 8.
Bxf6 Bxf6 9. Ndb5 O-O 10. Qd2 a6 11. Nd6 Qb4 12. Nc4 b5 13. a3 Qc5 14. b4 Qd4
15. e5 Bg5 16. Ne3 Qxe5 17. O-O d5 18. f4 Bxf4 19. Rf3 d4 0-1